<?xml version="1.0" encoding="UTF-8"?>
<record
    xmlns:xsi="http://www.w3.org/2001/XMLSchema-instance"
    xsi:schemaLocation="http://www.loc.gov/MARC21/slim http://www.loc.gov/standards/marcxml/schema/MARC21slim.xsd"
    xmlns="http://www.loc.gov/MARC21/slim">

  <leader>01731    a2200217   4500</leader>
  <controlfield tag="001">36386</controlfield>
  <controlfield tag="005">20260407155639.0</controlfield>
  <controlfield tag="008">260407a1966    arg                 spa d</controlfield>
  <controlfield tag="003">AR-UNSa-BCEJYS</controlfield>
  <datafield tag="040" ind1=" " ind2=" ">
    <subfield code="a">AR-UNSa-BCEJYS</subfield>
    <subfield code="b">spa</subfield>
    <subfield code="c">AR-UNSa-BCEJYS</subfield>
  </datafield>
  <datafield tag="080" ind1=" " ind2=" ">
    <subfield code="a">658.012.4</subfield>
    <subfield code="x">Gesti&#xF3;n. Direcci&#xF3;n. Autoridad. T&#xE9;cnicas y m&#xE9;todos de gesti&#xF3;n (gesti&#xF3;n del conocimiento, Outsourcing, Benchmarking...)</subfield>
  </datafield>
  <datafield tag="245" ind1="1" ind2="0">
    <subfield code="a">La funci&#xF3;n directiva como profesi&#xF3;n</subfield>
  </datafield>
  <datafield tag="264" ind1=" " ind2="1">
    <subfield code="a">New York :</subfield>
    <subfield code="b">McGraw-Hill</subfield>
    <subfield code="c">1966</subfield>
  </datafield>
  <datafield tag="300" ind1=" " ind2=" ">
    <subfield code="a">357 p.</subfield>
    <subfield code="c">24 cm.</subfield>
  </datafield>
  <datafield tag="505" ind1=" " ind2=" ">
    <subfield code="a">I.: Jefes y dirigentes: 1. Reto a los dirigentes - 2. La evoluci&#xF3;n de las agrupaciones - 3. La primera etapa - El grupo c&#xE9;ntrico - 4. El periodo de madurez- El grupo r&#xE1;dico - 5. La evoluci&#xF3;n de los dirigentes - 6. El dirigente profesional - 7. La Labor directiva y la labor operativa - 8. &#xBF;Que es la direcci&#xF3;n?&#xBF;Una ciencia, una profesi&#xF3;n o un arte? - II.: Planificaci&#xF3;n directiva: 9. Planificaci&#xF3;n directiva - 11. Pron&#xF3;sticos directivos - 11. Objetivos de la direcci&#xF3;n - 12. Programas y cronolog&#xED;as directivas: 16. Organizaci&#xF3;n directiva - 17. Estructura de la organizaci&#xF3;n - 18. Delegaci&#xF3;n directiva - 19. Relaciones dentro de la organizaci&#xF3;n - IV.: Orientaci&#xF3;n directiva: 20. Orientaci&#xF3;n directiva - 21.Decisiones directivas - 22. Motivaci&#xF3;n directiva - 23.Comunicaci&#xF3;n directiva - 24. Selecci&#xF3;n de personal - 25. Adiestramieno de personal - V.: Control directivo: 26. Control directivo - 27. Normas de actuaci&#xF3;n - 28. Medida de la actuaci&#xF3;n - 29. Valoraci&#xF3;n de la actuaci&#xF3;n - 30. Medidas correctivas de la actuaci&#xF3;n.</subfield>
  </datafield>
  <datafield tag="041" ind1=" " ind2=" ">
    <subfield code="a">spa</subfield>
  </datafield>
  <datafield tag="942" ind1=" " ind2=" ">
    <subfield code="c">BK</subfield>
  </datafield>
  <datafield tag="590" ind1=" " ind2=" ">
    <subfield code="a">niveau_biblio:m niveau_hierar:0</subfield>
  </datafield>
  <datafield tag="100" ind1="1" ind2=" ">
    <subfield code="a">Allen, Louis A.</subfield>
  </datafield>
  <datafield tag="700" ind1="1" ind2=" ">
    <subfield code="a">Tcachuk, Alejandra</subfield>
  </datafield>
  <datafield tag="999" ind1=" " ind2=" ">
    <subfield code="c">2642</subfield>
    <subfield code="d">2642</subfield>
  </datafield>
  <datafield tag="952" ind1=" " ind2=" ">
    <subfield code="0">0</subfield>
    <subfield code="1">0</subfield>
    <subfield code="4">0</subfield>
    <subfield code="7">0</subfield>
    <subfield code="a">BCEJYS</subfield>
    <subfield code="b">BCEJYS</subfield>
    <subfield code="c">16</subfield>
    <subfield code="d">2026-04-07</subfield>
    <subfield code="l">0</subfield>
    <subfield code="o">658.012.4 A425</subfield>
    <subfield code="p">L21950</subfield>
    <subfield code="r">2026-04-07 15:56:39</subfield>
    <subfield code="w">2026-04-07</subfield>
    <subfield code="y">L</subfield>
  </datafield>
  <datafield tag="952" ind1=" " ind2=" ">
    <subfield code="0">0</subfield>
    <subfield code="1">0</subfield>
    <subfield code="4">0</subfield>
    <subfield code="7">0</subfield>
    <subfield code="a">BCEJYS</subfield>
    <subfield code="b">BCEJYS</subfield>
    <subfield code="c">16</subfield>
    <subfield code="d">2026-04-07</subfield>
    <subfield code="l">0</subfield>
    <subfield code="o">658.012.4 A425</subfield>
    <subfield code="p">L21951</subfield>
    <subfield code="r">2026-04-07 15:56:39</subfield>
    <subfield code="w">2026-04-07</subfield>
    <subfield code="y">L</subfield>
  </datafield>
</record>
